000
002850000a22000970004500
245
1
0
_a
Dry and thirsty land
300
_a
Vol.0, núm.0 (Septiembre-Noviembre, 2005), Páginas 4-9
520
_a
The growing dangers of live in Niger's arid Sahel region.
773
0
_t
Teartimes
942
_c
ANA
999
_c
60833
_d
60833